Negotiated empires. Centers and peripheries in the Americas, 1500-1820
Kaydedildi:
| Asıl Yazarlar: | , |
|---|---|
| Materyal Türü: | Kitap |
| Dil: | İngilizce |
| Baskı/Yayın Bilgisi: |
New York, USA.
Routledge,
2002
|
| Konular: | |
| Etiketler: |
Etiketle
Etiket eklenmemiş, İlk siz ekleyin!
|
MARC
| LEADER | 00000cam a2200000 a 4500 | ||
|---|---|---|---|
| 001 | UCC6044 | ||
| 003 | CL-VaPUC | ||
| 005 | 20211018090305.0 | ||
| 008 | 181116e20020000us |||||||||||||||||eng|d | ||
| 999 | |c 373112 |d 373110 | ||
| 020 | |a 0415925398 | ||
| 040 | |c Pontificia Universidad Católica de Valparaíso | ||
| 082 | 0 | 4 | |a 973 DAN 2002 |2 21 |
| 100 | 0 | |a Daniels, Christine |e author |9 600485 | |
| 245 | 1 | 0 | |a Negotiated empires. |b Centers and peripheries in the Americas, 1500-1820 |
| 260 | |a New York, USA. |b Routledge, |c 2002 | ||
| 300 | |a 328 páginas | ||
| 583 | |a last modification |c 20181116 13:40:00 |k Rodrigo Vera | ||
| 650 | 0 | |a Historia de Estados Unidos |9 354186 | |
| 650 | 0 | |a Colonización americana |2 CL-VaPUC |9 388010 | |
| 650 | 0 | |a Indígenas norteamericanos |2 CL-VaPUC |9 469994 | |
| 700 | 0 | |a Kennedy, Michael V |e author |9 600486 | |
| 852 | |a BIBHIS | ||
| 942 | |c BK |2 ddc | ||
| 945 | |d 20181116 13:40:00 |a dcastane | ||
| 952 | |0 0 |1 0 |3 erb |4 0 |6 973_000000000000000_DAN_2002 |7 0 |8 A |9 491058 |a BIBHIS |b BIBHIS |i 5514622 |o 973 DAN 2002 |p 5514622 |r 2025-01-20 |w 2019-11-24 |y BK |z Catalogado en:20181116 |k HIS | ||
| 952 | |0 0 |1 0 |3 erb |4 0 |6 973_000000000000000_DAN_2002 |7 0 |8 A |9 491059 |a BIBHIS |b BIBHIS |i 5514614 |o 973 DAN 2002 |p 5514614 |r 2025-01-20 |w 2019-11-24 |y BK |z Catalogado en:20181116 |k HIS | ||
| 952 | |0 0 |1 0 |2 ddc |4 0 |6 973_000000000000000_DAN_2002 |7 0 |8 A |9 576555 |a BIBHIS |b BIBHIS |d 2020-06-08 |e 3 |g 45628.00 |i 5576156 |o 973 DAN 2002 |p 5576156 |r 2025-01-20 |t 3 |v 45628.00 |w 2020-06-08 |y BK |k HIS | ||